Impact of Mushroom Based Training Apropos Community Development on Trainees of Advance Center of Mushroom Research (Record no. 48634)

MARC details
000 -LEADER
fixed length control field 00429nam a22001457a 4500
003 - CONTROL NUMBER IDENTIFIER
control field OSt
008 - FIXED-LENGTH DATA ELEMENTS--GENERAL INFORMATION
fixed length control field 250730b |||||||| |||| 00| 0 eng d
082 ## - DEWEY DECIMAL CLASSIFICATION NUMBER
Classification number 579.60715
Item number L18I
100 ## - MAIN ENTRY--PERSONAL NAME
Personal name Puya Laishram
245 ## - TITLE STATEMENT
Title Impact of Mushroom Based Training Apropos Community Development on Trainees of Advance Center of Mushroom Research
260 ## - PUBLICATION, DISTRIBUTION, ETC. (IMPRINT)
Place of publication, distribution, etc RPCAU, Pusa
Name of publisher, distributor, etc HSECM
Date of publication, distribution, etc 2024
300 ## - PHYSICAL DESCRIPTION
Extent 50
502 ## - DISSERTATION NOTE
Degree type M.Sc.(HSECM)
942 ## - ADDED ENTRY ELEMENTS (KOHA)
Source of classification or shelving scheme
Koha item type Thesis
Holdings
Withdrawn status Lost status Source of classification or shelving scheme Damaged status Not for loan Home library Current library Date acquired Total Checkouts Full call number Barcode Date last seen Bill Date Koha item type
          Dr. Rajendra Prasad Central Agricultural University Pusa, Dr. Rajendra Prasad Central Agricultural University Pusa, 30/07/2025   579.60715 L18I 82288 30/07/2025 30/07/2025 Thesis
Hosted, Implemented, Customized & Maintained by: BestBookBuddies

Powered by Koha